| 000 | 01110nam a2200289 a 4500 | ||
|---|---|---|---|
| 003 | PILC | ||
| 005 | 20160316094339.0 | ||
| 008 | 121121s19uu xx 00 eng d | ||
| 020 | _a9781601632043 | ||
| 050 |
_aE 21.5 _b.L67 2012 |
||
| 100 | _aJoseph, Frank. | ||
| 245 |
_aThe lost worlds of ancient America : _bcompelling evidence of ancient immigrants, lost technologies, and places of power / _cedited by Frank Joseph ; foreword by John DeSalvo. |
||
| 260 |
_aPompton Plains, NJ : _bNew Page Books, _c2012. |
||
| 300 |
_a287 pages : _billustrations ; _c25 cm. |
||
| 500 | _aIncludes bibliographical references and index. | ||
| 650 |
_aExcavations (Archaeology) _xAmerica |
||
| 650 |
_aHistoric sites _xAmerica. |
||
| 650 |
_aPrehistoric peoples _xAmerica. |
||
| 650 |
_aVisitors, Foreign _xAmerica _xHistory _xTo 1500. |
||
| 650 |
_aTechnology _xAmerica _xHistory _xTo 1500. |
||
| 650 |
_aAmerica _xAntiquities. |
||
| 650 |
_aAmerica _xDiscovery and exploration _xPre-Columbian. |
||
| 650 |
_aAmerica _xCivilization. |
||
| 650 |
_aAmerica _xHistory _xTo 1810. |
||
| 942 |
_cBK _2lcc _kFOR |
||
| 999 |
_c25503 _d25503 |
||